000 01353cam a2200361 i 4500
001 768714001
003 CO-MdFUSB
005 20220801154356.0
007 ta
008 070413t2006 sp | ||| ||spa
020 _a0789901714
040 _aSpMaBN
_bspa
_cCO-MdFUSB
_erdc
_dCO-MdFUSBC
041 1 _aspa
_heng
082 _223
_a266.0088297
_bM478
100 1 _aMcCurry, Don
_eautor
245 1 0 _aEsperanza para los musulmanes
_c/ Don McCurry ; traducido por Samuel Guerrero
250 _asegunda edición
264 1 _aBarcelona, España :
_bUnilit,
_c[1996]
264 4 _c© 1996
300 _a484 páginas
_c20 cm
336 _2rdacontent
_atexto
_btxt
337 _2rdamedia
_asin mediación
_bn
338 _2rdacarrier
_avolumen
_bnc
504 _aBibliografía: páginas. 441-461. Índice
505 _aLa familia de Abraham. -- Mahoma y su fe. -- Variaciones en el Islam. -- Actitudes relevantes en el trabajo con los musulmanes. -- Cómo llegar a tipos específicos de musulmanes. -- Temas teológicos entre el Islam y el cristianismo. -- Reconciliación en la familia de Abraham.
563 _aRústico
650 7 _aMisiones para los musulmanes
_2embne
650 7 _aCristianismo
_xRelaciones
_xIslamismo
_2embne
650 7 _aIslamismo
_xRelaciones
_xCristianismo
_2embne
942 _cBK
945 _aJTF-925
956 _a2
999 _c67313
_d67313